000 00434nam a2200181Ia 4500
001 22719
005 20260414150849.0
008 260414t2016||||xx |||||||||||||| ||spa||
041 _aESP
082 _a621.3848
_bY76
100 _aYou, He
_eAUT
245 0 _aRadar dat processing with applications
_b
260 _c2016
300 _axvii, 536 páginas :
_c25 cm.
650 _aTCA
654 _aCET
942 _cLIB
_dJUS
_fJUS
_2ddc
_n
999 _c22719
_d22719